| 000 | 01009 a2200241 4500 | ||
|---|---|---|---|
| 001 | 60976 | ||
| 005 | 20260407155900.0 | ||
| 008 | 260407a1992 arg spa d | ||
| 003 | AR-UNSa-BCEJYS | ||
| 040 |
_aAR-UNSa-BCEJYS _bspa _cAR-UNSa-BCEJYS |
||
| 080 |
_a342.4 _xConstituciones. Asambleas legislativas. Asambleas nacionales (Reforma...) |
||
| 245 | 1 | 0 |
_aConstitución y poder polìtico _pJurisprudencia de la Corte Suprema de técnicas para su interpretación |
| 020 | _a978-950-508-211-7 | ||
| 264 | 1 |
_aBuenos Aires : _bAstrea _c1992 |
|
| 300 |
_a2 v. (xxiii, 672 ; xi, 488 p.) _c23 cm. |
||
| 505 | _aVol. I: 1. Control de constitucionalidad - 2. Justiciabilidad - 3. Jurisdicción de la corte suprema -- Vol. II: 4. Relación entre los poderes - 5. Federalismo - 6. Técnicas de interpretación constitucional. | ||
| 041 | _aspa | ||
| 942 | _cBK | ||
| 590 | _aniveau_biblio:m niveau_hierar:0 | ||
| 100 | 1 | _aMiller, Jonathan M. | |
| 700 | 1 | _aGelli, María Angélica | |
| 700 | 1 | _aCayuso, Susana G. | |
| 999 |
_c7166 _d7166 |
||